000 01115nam a2200385 a 4500
003 AR-BaBNM
005 20251128204428.0
008 082120s2002 ||||||||||||||000 | spa||
020 _a950-03-6231-7
040 _cAR-BaBNM
100 1 _aCufré, Héctor Víctor
245 0 0 _aLa enseñanza de la lengua en la formación de maestros
_bcomunicación y lengua. 1
250 _a2ª ed.
260 _aBuenos Aires
_bLosada
_c1993
300 _a205 p.
_bgráfs., mapas, facsím., il.
504 _aBibliografía básica: p. 199-205
650 4 _aCOMUNICACION VERBAL
650 4 _aAPTITUD LINGUISTICA
650 4 _aDESARROLLO DEL LENGUAJE
650 4 _aPROCESO DE COMUNICACION
650 4 _aESPAÑOL
650 4 _aHISTORIA CULTURAL
650 4 _aESTRUCTURALISMO
650 4 _aGRAMATICA
650 4 _aDICCION
650 4 _aFORMACION DE DOCENTES
650 4 _aTEORIA LINGUISTICA
650 4 _aENSEÑANZA DE LA LENGUA MATERNA
650 4 _aTECNICAS DE ENSEÑANZA
650 4 _aINVESTIGACION LINGUISTICA
650 4 _aESTETICA
650 4 _aESTILO LITERARIO
942 _cBK
998 _cEthel
999 _c7391
_d7391